El derecho agrario mexicano: notas para su conocimiento /
Manual sobre derecho agrario mexicano encaminado a proporcionar a campesinos y promotores elementos para efectuar la defensa de sus derechos. Se señala la importancia del derecho agrario, los derechos agrarios surgidos de la distribución de la tierra, los derechos de quienes se dedican al trabajo ag...
Сохранить в:
| Главный автор: | |
|---|---|
| Формат: | |
| Язык: | испанский |
| Опубликовано: |
México :
Alianza Nacional Ejidal y de la Auténtica Pequeña Propiedad,
fecha no identificada
|
| Предметы: | |
| Метки: |
Нет меток, Требуется 1-ая метка записи!
|
MARC
| LEADER | 00000nam^a2200000^a^4500 | ||
|---|---|---|---|
| 001 | 000025583 | ||
| 005 | 20250521000000.0 | ||
| 009 | 20260310084658.211 | ||
| 037 | |a Acervo ITESO - Biblioteca | ||
| 041 | |a ESP | ||
| 082 | |a 346. 72074 |b RAM | ||
| 100 | |a Ramírez Ortega, Leonardo |e (autor) | ||
| 245 | 1 | 3 | |a El derecho agrario mexicano: |b notas para su conocimiento / |c L. Ramírez Ortega. |
| 264 | 1 | |a México : |b Alianza Nacional Ejidal y de la Auténtica Pequeña Propiedad, |c fecha no identificada | |
| 300 | |a 60 p. | ||
| 336 | |a texto |b txt |2 rdacontenido | ||
| 337 | |a sin mediación |b n |2 rdamedio | ||
| 338 | |a volumen |b nc |2 rdasoporte | ||
| 520 | |a Manual sobre derecho agrario mexicano encaminado a proporcionar a campesinos y promotores elementos para efectuar la defensa de sus derechos. Se señala la importancia del derecho agrario, los derechos agrarios surgidos de la distribución de la tierra, los derechos de quienes se dedican al trabajo agropecuario; se habla de las autoridades agrarias y sus funciones, del ejido, del derecho de los pueblos y comunidades indígenas a reclamar sus tierras y a que se les reconozcan los límites de su espacio. | ||
| 649 | |a XX | ||
| 650 | |a Derecho Agrario - |z México - |x Tema Principal | ||
| 650 | |a Derecho Social - |z México | ||
| 650 | |a Derecho Público - |z México | ||
| 910 | |a Fondo General | ||
| 920 | |a Impresos - Libros | ||
| 930 | |a Colección General | ||
| 905 | |a 101 | ||
| 901 | |a 0255830100 |b IT1 |c ACC |i 025583 |u 20250521 | ||
| 902 | |a https://opac.biblio.iteso.mx/vufind/Record/000025583 | ||